Fazaial-e-a'maal (Record no. 573772)
[ view plain ]
| 000 -LEADER | |
|---|---|
| fixed length control field | 00560nam a22001697a 4500 |
| 003 - CONTROL NUMBER IDENTIFIER | |
| control field | CEME |
| 005 - DATE AND TIME OF LATEST TRANSACTION | |
| control field | 20210628203448.0 |
| 008 - FIXED-LENGTH DATA ELEMENTS--GENERAL INFORMATION | |
| fixed length control field | 210201b xxu||||| |||| 00| 0 eng d |
| 040 ## - CATALOGING SOURCE | |
| Transcribing agency | . |
| 082 ## - DEWEY DECIMAL CLASSIFICATION NUMBER | |
| Classification number | 297.63 MUH |
| 100 ## - MAIN ENTRY--PERSONAL NAME | |
| Personal name | Moulana Muhammad Zakria |
| 9 (RLIN) | 65610 |
| 245 ## - TITLE STATEMENT | |
| Title | Fazaial-e-a'maal |
| 260 ## - PUBLICATION, DISTRIBUTION, ETC. | |
| Place of publication, distribution, etc. | LAHORE |
| Name of publisher, distributor, etc. | JAHANGIR BOOK |
| Date of publication, distribution, etc. | 2002 |
| 300 ## - PHYSICAL DESCRIPTION | |
| Extent | 816P |
| 650 ## - SUBJECT ADDED ENTRY--TOPICAL TERM | |
| Topical term or geographic name entry element | ISLAM-HADITH-FAZAIAL -A'MAAL..FAZAIAL -NAMAAZ.FAZAIAL -QURAN MAJEED.FAZAIAL -RAMZAN.FAZAIAL -TABLIGE.FAZAIAL -DAROOD SHARIF.FAZAIAL -ZIKAR.MOULANA NUHANNAD ZAKIRA(RE) |
| 9 (RLIN) | 65611 |
| 942 ## - ADDED ENTRY ELEMENTS (KOHA) | |
| Koha item type | Book |
| Source of classification or shelving scheme | |
| Withdrawn status | Lost status | Damaged status | Not for loan | Permanent Location | Current Location | Shelving location | Date acquired | Total Checkouts | Full call number | Barcode | Date last seen | Price effective from | Koha item type |
|---|---|---|---|---|---|---|---|---|---|---|---|---|---|
| College of Electrical & Mechanical Engineering (CEME) | College of Electrical & Mechanical Engineering (CEME) | General Stacks | 07/27/2017 | 297.63 MUH | CEME-37102 | 06/28/2021 | 06/28/2021 | Book |
